Canadian legislatures. (Record no. 2377)

MARC details
000 -LEADER
fixed length control field 02468cas a2200613 a 4500
001 - CONTROL NUMBER
control field 11285254
003 - CONTROL NUMBER IDENTIFIER
control field OSt
005 - DATE AND TIME OF LATEST TRANSACTION
control field 20230623081111.0
008 - FIXED-LENGTH DATA ELEMENTS--GENERAL INFORMATION
fixed length control field 830504d19811992oncar s0 a0eng
010 ## - LIBRARY OF CONGRESS CONTROL NUMBER
LC control number 84643258
Canceled/invalid LC control number cn 83080894
-- cn 92031564
015 ## - NATIONAL BIBLIOGRAPHY NUMBER
National bibliography number 830808949
Source can
015 ## - NATIONAL BIBLIOGRAPHY NUMBER
National bibliography number C 830808949
016 7# - NATIONAL BIBLIOGRAPHIC AGENCY CONTROL NUMBER
Record control number 011742387
Source Uk
016 ## - NATIONAL BIBLIOGRAPHIC AGENCY CONTROL NUMBER
Record control number (AMICUS)000003692361
022 0# - INTERNATIONAL STANDARD SERIAL NUMBER
International Standard Serial Number 0715-7118
ISSN-L 0715-7118
Canceled ISSN 1191-2359
Source 4
035 ## - SYSTEM CONTROL NUMBER
System control number (OCoLC)ocm09475999
040 ## - CATALOGING SOURCE
Original cataloging agency NLC
Language of cataloging eng
Transcribing agency NLC
Modifying agency DLC
-- EYM
-- NLC
-- NST
-- COO
-- HUL
-- HLS
-- OCL
-- OCLCQ
-- UKMGB
-- OCLCF
-- OCLCO
-- OCL
-- CNUTO
-- OCLCQ
-- OCLCA
-- OCLCQ
-- QE2
-- OCLCO
042 ## - AUTHENTICATION CODE
Authentication code nlc
-- isds/c
-- pcc
043 ## - GEOGRAPHIC AREA CODE
Geographic area code n-cn---
050 00 - LIBRARY OF CONGRESS CALL NUMBER
Classification number JL179
Item number .C362
055 01 - CLASSIFICATION NUMBERS ASSIGNED IN CANADA
Classification number JL73
055 00 - CLASSIFICATION NUMBERS ASSIGNED IN CANADA
Classification number JL73
Item number C36 fol.
082 04 - DEWEY DECIMAL CLASSIFICATION NUMBER
Classification number 328.71/076
Edition number 19
Item number 10001146
210 0# - ABBREVIATED TITLE
Abbreviated title Can. legis.
222 #0 - KEY TITLE
Key title Canadian legislatures
245 00 - TITLE STATEMENT
Title Canadian legislatures.
260 ## - PUBLICATION, DISTRIBUTION, ETC. (IMPRINT)
Place of publication, distribution, etc. Toronto :
Name of publisher, distributor, etc. Office of the Assembly,
Date of publication, distribution, etc. [1980]-©1992.
300 ## - PHYSICAL DESCRIPTION
Extent volumes :
Other physical details illustrations ;
Dimensions 24-30 cm
310 ## - CURRENT PUBLICATION FREQUENCY
Current publication frequency Annual
336 ## - CONTENT TYPE
Content type term text
Content type code txt
Source rdacontent
337 ## - MEDIA TYPE
Media type term unmediated
Media type code n
Source rdamedia
338 ## - CARRIER TYPE
Carrier type term volume
Carrier type code nc
Source rdacarrier
362 0# - DATES OF PUBLICATION AND/OR SEQUENTIAL DESIGNATION
Dates of publication and/or sequential designation 1981-1992.
515 ## - NUMBERING PECULIARITIES NOTE
Numbering peculiarities note Suspended 1988-1991.
550 ## - ISSUING BODY NOTE
Issuing body note Imprint varies: 1987/1988, Ampersand Communications Services; 1992, Global Press.
590 ## - LOCAL NOTE (RLIN)
Local note SERBIB/SERLOC merged record
650 #0 - SUBJECT ADDED ENTRY--TOPICAL TERM
Topical term or geographic name as entry element Legislative bodies
Geographic subdivision Canada
General subdivision Provinces
Form subdivision Periodicals.
650 #5 - SUBJECT ADDED ENTRY--TOPICAL TERM
Topical term or geographic name as entry element Provincial governments
Geographic subdivision Canada
Form subdivision Periodicals.
650 #7 - SUBJECT ADDED ENTRY--TOPICAL TERM
Topical term or geographic name as entry element Legislative bodies
General subdivision Canadian provinces.
Source of heading or term fast
Authority record control number (OCoLC)fst00995697
650 #6 - SUBJECT ADDED ENTRY--TOPICAL TERM
Topical term or geographic name as entry element Parlements
Geographic subdivision Canada
-- Provinces
General subdivision Přiodiques.
651 #6 - SUBJECT ADDED ENTRY--GEOGRAPHIC NAME
Geographic name Canada
General subdivision Politique et gouvernement
-- Přiodiques.
655 #7 - INDEX TERM--GENRE/FORM
Genre/form data or focus term Periodicals.
Source of term fast
Authority record control number (OCoLC)fst01411641
710 1# - ADDED ENTRY--CORPORATE NAME
Corporate name or jurisdiction name as entry element Ontario.
Subordinate unit Office of the Assembly.
780 00 - PRECEDING ENTRY
Title Comparative study of administrative structures of Canadian legislatures
International Standard Serial Number 0715-7843
Record control number (CaOONL)830808957
-- (OCoLC)9476009
886 2# - FOREIGN MARC INFORMATION FIELD
2 canmarc
a 910
b 10
z Established Dec. 20, 1974
886 2# - FOREIGN MARC INFORMATION FIELD
2 canmarc
a 910
b 10
a Ontario.
b Legislative Assembly.
-- Office of the Assembly
886 2# - FOREIGN MARC INFORMATION FIELD
2 canmarc
a 910
b 10
a Ontario.
b Office of the Legislative Assembly
886 2# - FOREIGN MARC INFORMATION FIELD
2 canmarc
a 990
b 20
a 71001ab
b 91001z
886 2# - FOREIGN MARC INFORMATION FIELD
2 canmarc
a 990
b 10
a 91002abb
b 71001ab
886 2# - FOREIGN MARC INFORMATION FIELD
2 canmarc
a 990
b 10
a 91003ab
b 71001ab
906 ## - LOCAL DATA ELEMENT F, LDF (RLIN)
a 7
b cbc
c serials
d 2
e ncip
f 19
g n-oclcserc
942 ## - ADDED ENTRY ELEMENTS (KOHA)
Source of classification or shelving scheme Dewey Decimal Classification
Koha item type Books

No items available.

LIBRARY OPENING HOURS

When the Parliament is sitting: 8.00a.m - 7.00p.m or until the house adjourns
Mondays and Fridays and when the House is on Recess:  8.00a.m - 5.00p.m
Closed on Weekends and Public Holidays

Online Public Access Catalog (OPAC)
Website: http://www.parliament.go.ke
Bunge Library: https://libraryir.parliament.go.ke
Contact: library@parliament.go.ke | Tel no: (254-2)2221291 or 2848000 Ext 5043